000 00459nam a2200193Ia 4500
008 210210b1929 xxu||||| |||| 00| 0 eng d
041 _aeng
082 _a825/606
100 _aNEWBOLT (Henry)
245 _aMy first library: Turnbull Ed
260 _aLondon
_bThomas Nelson and Sons Limited
_c1929
650 _aTurnbull
650 _aMy
650 _alibrary:
650 _afirst
650 _aEd
690 _aEnglish Criticism
906 _a014922
999 _c134152
_d134152